Master pieces: (Record no. 607756)

000 -LEADER
fixed length control field 00592nam a22002057a 4500
003 - CONTROL NUMBER IDENTIFIER
control field OSt
005 - DATE AND TIME OF LATEST TRANSACTION
control field 20240215110257.0
008 - FIXED-LENGTH DATA ELEMENTS--GENERAL INFORMATION
fixed length control field 170512t xxu||||| |||| 00| 0 eng d
020 ## - INTERNATIONAL STANDARD BOOK NUMBER
International Standard Book Number 9783037681138
040 ## - CATALOGING SOURCE
Transcribing agency 0
082 ## - DEWEY DECIMAL CLASSIFICATION NUMBER
Classification number 721.5
Author Mark ROT
100 1# - MAIN ENTRY--PERSONAL NAME
Personal name Roth, Manuela
9 (RLIN) 120503
245 10 - TITLE STATEMENT
Title Master pieces:
Remainder of title roof architecture + design/
Statement of responsibility, etc. Manuela Roth
260 ## - PUBLICATION, DISTRIBUTION, ETC.
Name of publisher, distributor, etc. Braun publishing,
Date of publication, distribution, etc. 2012.
300 ## - PHYSICAL DESCRIPTION
Extent 301p.:
Other physical details ill;
Dimensions 24 cm.
650 ## - SUBJECT ADDED ENTRY--TOPICAL TERM
Topical term or geographic name entry element Penthouses
9 (RLIN) 120504
650 ## - SUBJECT ADDED ENTRY--TOPICAL TERM
Topical term or geographic name entry element Rooftop construction
9 (RLIN) 120505
650 ## - SUBJECT ADDED ENTRY--TOPICAL TERM
Topical term or geographic name entry element Rooftop architecture
9 (RLIN) 120506
942 ## - ADDED ENTRY ELEMENTS (KOHA)
Source of classification or shelving scheme
Koha item type Book
Institution code [OBSOLETE] SADA
Call number prefix 721.5 ROT 2012
Holdings
Withdrawn status Lost status Source of classification or shelving scheme Damaged status Not for loan Permanent Location Current Location Date acquired Source of acquisition Total Checkouts Full call number Barcode Date last seen Cost, replacement price Price effective from Koha item type
          School of Art Design and Architecture (SADA) School of Art Design and Architecture (SADA) 01/05/2017 S.A.Rehman   721.5 ROT 2012 SADA0002673 02/15/2024 1726.62 02/15/2024 Book
© 2023 Central Library, National University of Sciences and Technology. All Rights Reserved.